000 00330nam a22001217a 4500
008 160503b xxu||||| |||| 00| 0 eng d
020 _a0877547726
020 _a0877547726
041 _aeng
080 _a61
245 _aEscape from anxiety stress:
_cTom McLellan PH. D. Alicia Bragg M. A. ; John Cacciola M. A.;
942 _2udc
_cBK
999 _c1757
_d1757